000 00989cam a2200241 4500
001 WB3702-08
008 000000n2001 000 0 eng u
035 _a(Sirsi) u110264
245 _aBritain greener
260 _c2001
490 _aYorkshire Post
_v8 January 2001, 6(1)
520 _aEnvironment Agency report says some aspects of the environment such as water and air quality have improved over the last 20 years, but key areas of concern still remain including high greenhouse gas emissions, and noise, light and litter pollution. The report highlights the tension between societal demands for prosperity and the need for environmental protection.
590 _aWB
650 _aPOLLUTION
650 _aWILDLIFE CONSERVATION
650 _aKEY INDICATORS
650 _aENVIRONMENTAL QUALITY
650 _aENVIRONMENTAL PROTECTION
650 _aCARBON DIOXIDE EMISSIONS
650 _aENVIRONMENT AGENCY
690 _aENVIRONMENTAL AND LAND CONSULTANCY
942 _n0
999 _c65754
_d65754